000 01415nam a2200421 i 4500
001 36740
003 KOSZ 005
005 20230614154754.0
008 001128s2000 pl a f |000 0 pol
015 _aPB 2000/22704
020 _a8385428503
040 _aWA N
_cWA N
_dKOSZ 005/HR
041 0 _apol
046 _k2000
080 _a005.95/.96
080 _a658.1/.5
080 _a658.310.8
100 1 _aPenc, Józef
_d(1939-2017)
_eAutor
245 1 0 _aKreatywne kierowanie :
_borganizacja i kierownik jutra, rozwiązywanie problemów kadrowych /
_cJózef Penc.
260 _aWarszawa :
_b"Placet",
_c2000.
300 _a351 s. :
_bil. ;
_c24 cm.
336 _2rdacontent
_aTekst
_btxt
337 _2rdamedia
_aBez urządzenia pośredniczącego
_bn
338 _2rdacarrier
_aWolumin
_bnc
380 _aKsiążki
388 _a1901-2000
388 _a1989-2000
490 1 _aBiblioteka Biznesmena.
500 _aNa okł. podtyt.: zachowania w organizacji, trudne sytuacje w kierowaniu.
650 4 _aZachowanie organizacyjne
650 4 _aZarządzanie zasobami ludzkimi (HRM)
655 4 _aPodręcznik
658 _aZarządzanie i marketing
710 2 _aWydawnictwo Placet
_4pbl
830 0 _aBiblioteka Biznesmena
856 _uhttp://koha.tu.koszalin.pl/cgi-bin/koha/opac-detail.pl?biblionumber=36740
_yKatalog online BPK
942 _2UKD
_cKS
999 _c36740
_d36740